| 000 | 01348cam a2200325 i 4500 | ||
|---|---|---|---|
| 001 | 18243989 | ||
| 005 | 20250717112605.0 | ||
| 008 | 140728s2015 okua b 001 0 eng | ||
| 010 | _a 2014029321 | ||
| 020 | _a9781593702915 | ||
| 035 | _a18243989 | ||
| 040 |
_aDLC _beng _cDLC _erda _dDLC |
||
| 042 | _apcc | ||
| 050 | 0 | 0 |
_aHD9502.A2 _bD335 2015 |
| 082 | 0 | 0 |
_a333.79 _bDAH |
| 100 | 1 |
_aDahl, Carol A. _q(Carol Ann), _d1947- _9129900 |
|
| 245 | 1 | 0 |
_aInternational energy markets : _bunderstanding pricing, policies, and profits / _cCarol A. Dahl. |
| 250 | _a2nd edition. | ||
| 264 | 1 |
_aTulsa, Oklahoma : _bPennWell Corporation, _c[2015] |
|
| 300 |
_axxviii, 683 pages : _billustrations ; _c24 cm |
||
| 336 |
_atext _btxt _2rdacontent |
||
| 337 |
_aunmediated _bn _2rdamedia |
||
| 338 |
_avolume _bnc _2rdacarrier |
||
| 504 | _aIncludes bibliographical references (pages 613-653) and index. | ||
| 650 | 0 |
_aEnergy industries. _928017 |
|
| 650 | 0 |
_aInternational economic relations. _9539 |
|
| 906 |
_a7 _bcbc _corignew _d1 _eecip _f20 _gy-gencatlg |
||
| 942 |
_2ddc _cBK |
||
| 999 |
_c614406 _d614406 |
||